<?xml version="1.0" encoding="UTF-8"?>
<record
    xmlns:xsi="http://www.w3.org/2001/XMLSchema-instance"
    xsi:schemaLocation="http://www.loc.gov/MARC21/slim http://www.loc.gov/standards/marcxml/schema/MARC21slim.xsd"
    xmlns="http://www.loc.gov/MARC21/slim">

  <leader>00785nam a2200181Ia 4500</leader>
  <controlfield tag="008">151202s9999||||xx |||||||||||||| ||und||</controlfield>
  <datafield tag="082" ind1=" " ind2=" ">
    <subfield code="b">PNVM-79228</subfield>
  </datafield>
  <datafield tag="100" ind1=" " ind2=" ">
    <subfield code="a">&#x935;&#x948;&#x926;&#x94D;&#x92F; &#x92C;.&#x932;. </subfield>
  </datafield>
  <datafield tag="245" ind1=" " ind2=" ">
    <subfield code="a">&#x906;&#x930;&#x94B;&#x917;&#x94D;&#x92F;&#x93E;&#x938;&#x93E;&#x920;&#x940; &#x92F;&#x94B;&#x917;&#x93E;&#x938;&#x928;&#x947; </subfield>
  </datafield>
  <datafield tag="260" ind1=" " ind2=" ">
    <subfield code="b">" &#x92E;&#x945;&#x91C;&#x947;&#x938;&#x94D;&#x91F;&#x93F;&#x915; &#x92A;&#x92C;&#x94D;&#x932;&#x93F;&#x936;&#x93F;&#x902;&#x917; &#x939;&#x93E;&#x90A;&#x938;,&#x928;&#x94D;&#x92F;&#x942; &#x917;&#x930;&#x94D;&#x932;&#x94D;&#x938; &#x938;&#x94D;&#x915;&#x942;&#x932;&#x938;&#x92E;&#x94B;&#x930;,&#x930;&#x93E;&#x92E; &#x92E;&#x93E;&#x930;&#x941;&#x924;&#x940; &#x930;&#x94B;&#x921;, &#x920;&#x93E;&#x923;&#x947; - &#x92A;. 400602,&#x92B;&#x94B;&#x928;- 022-24452065"</subfield>
  </datafield>
  <datafield tag="260" ind1=" " ind2=" ">
    <subfield code="c">1979</subfield>
  </datafield>
  <datafield tag="300" ind1=" " ind2=" ">
    <subfield code="a">124</subfield>
  </datafield>
  <datafield tag="600" ind1=" " ind2=" ">
    <subfield code="a">&#x935;&#x948;&#x926;&#x94D;&#x92F; &#x92C;.&#x932;. </subfield>
  </datafield>
  <datafield tag="630" ind1=" " ind2=" ">
    <subfield code="a">&#x906;&#x930;&#x94B;&#x917;&#x94D;&#x92F;&#x93E;&#x938;&#x93E;&#x920;&#x940; &#x92F;&#x94B;&#x917;&#x93E;&#x938;&#x928;&#x947; </subfield>
  </datafield>
  <datafield tag="700" ind1=" " ind2=" ">
    <subfield code="a">&#x935;&#x948;&#x926;&#x94D;&#x92F; &#x92C;.&#x932;. </subfield>
  </datafield>
  <datafield tag="730" ind1=" " ind2=" ">
    <subfield code="a">&#x906;&#x930;&#x94B;&#x917;&#x94D;&#x92F;&#x93E;&#x938;&#x93E;&#x920;&#x940; &#x92F;&#x94B;&#x917;&#x93E;&#x938;&#x928;&#x947; </subfield>
  </datafield>
  <datafield tag="942" ind1=" " ind2=" ">
    <subfield code="c">BOOK</subfield>
  </datafield>
  <datafield tag="999" ind1=" " ind2=" ">
    <subfield code="c">1343887</subfield>
    <subfield code="d">1343884</subfield>
  </datafield>
  <datafield tag="952" ind1=" " ind2=" ">
    <subfield code="0">0</subfield>
    <subfield code="1">0</subfield>
    <subfield code="4">0</subfield>
    <subfield code="7">0</subfield>
    <subfield code="a">PNVM</subfield>
    <subfield code="b">PNVM</subfield>
    <subfield code="d">2015-07-17</subfield>
    <subfield code="g">10.00</subfield>
    <subfield code="l">0</subfield>
    <subfield code="o">PNVM-79228</subfield>
    <subfield code="p">PNVM-79228</subfield>
    <subfield code="r">2015-12-02 00:00:00</subfield>
    <subfield code="v">10.00</subfield>
    <subfield code="w">2015-12-02</subfield>
    <subfield code="y">BOOK</subfield>
  </datafield>
</record>
